000
00335nam a22001457a 4500
005
20250617130321.0
008
250617b |||||||| |||| 00| 0 eng d
020
_a
9788130405186
_q
PBK
041
_a
ENG
082
_a
428.1
_b
HAR
100
_a
Harish Lalita
245
_a
Sharpen your vocabulary
300
_a
160
942
_c
ENGLISH
999
_c
572594
_d
572594